000
00322nam a2200109Ia 4500
008
171211s9999 xx 000 0 und d
245
_a
Enemies to Allies: Cold War Germany and American Memory
245
_c
Brian C. Etheridge
260
_c
2016
650
_x
History
856
_u
http://down.ebook777.com/064/0813166403.pdf
999
_c
348807
_d
348807